00760nam a22002291 450000100060000000300080000600500170001400800240003103500180005504000320007304100080010508200180011310000180013124500940014925000130024326000490025630000330030550000570033850000840039565000160047970000350049575377BD-RjUL20211209082659.0190330s1968 cch a01 i a(BD-RjUL75595 aDLCcDLCdDLCdBD-RjULbeng aeng00a657bSIA 19671 aSimaon, Harry10aAdvanced accounting, comprehensive volume /cby Wilbert E. Karrenbrock and Harry Simons. a4rth ed. aCincinnati : bSouth-western Pub. Co,c1968. a1040 pages :bill. ;c24 cm. aAuthor's names in reverse order in earlier editions. aCompanion volume to the authors' Intermediate accounting, comprehensive volume. 0aAccounting.1 aKarrenbrock, Wilbert E.d1912-